000 00506nam a2200181Ia 4500
008 090123s9999 xx 000 0 und d
082 _b397
100 _aकर्णिक मधु मंगेश
245 _aतहान
250 _a1
260 _bभगवानदास हि.
300 _a180
600 _aकर्णिक मधु मंगेश
630 _aतहान
700 _aकर्णिक मधु मंगेश
730 _aतहान
942 _cBOOK
999 _c38485
_d38485